Ideový návrh robotizovaného technologického pracoviska pre dielce plošného tvárnenia : Diplomová práca

Enregistré dans:
Détails bibliographiques
Auteur principal: Gálová, Darina (Auteur)
Autres auteurs: Tománek, Karol (xxx)
Format: Manuscrit Livre
Langue:slovaque
Publié: Trnava : SVŠT v Bratislave StF KMARTP, 1989
Sujets:
Tags: Ajouter un tag
Pas de tags, Soyez le premier à ajouter un tag!

MARC

LEADER 00000ntm a22000003a 4500
001 stu75110
005 20160719162701.1
008 020319s1989----cs------------------slo-d
040 |a STU  |b slo 
041 0 |a slo 
044 |a cs 
100 1 |a Gálová, Darina  |4 aut 
245 1 |a Ideový návrh robotizovaného technologického pracoviska pre dielce plošného tvárnenia :  |b Diplomová práca 
260 |a Trnava :  |b SVŠT v Bratislave StF KMARTP,  |c 1989 
300 |a 79 s  |c abstr. + príl. 
650 7 |a Dielce-tvárnenie plošné  |2 stusub 
650 7 |a Pracoviská robotizované  |2 stusub 
650 7 |a technológie strojárske  |2 stusub 
700 1 |a Tománek, Karol  |4 xxx 
996 |b 284M041985  |c M*DP-1585  |l MMSKP  |s P  |a 0  |w stu75110_0001